000 00237nam a2200097Ia 4500
008 230915s9999 xx 000 0 und d
050 _aT353 .S47 2008
100 _aJENSEN CECIL
245 0 _aENGINEERING: DRAWING AND DESIGN
942 _cBK
999 _c202803
_d202803